Tous les communes contenant "Villeneuve" de France - Statistiques

Statistiques générales
  • Ce quiz a été pris 28 fois
  • Le résultat moyen est 8 sur 85
Statistiques - réponses
Département Réponse % Correct
59 V Villeneuve-d'Ascq
81%
01 V Villeneuve
58%
04 V Villeneuve
58%
09 V Villeneuve
58%
12 V Villeneuve
58%
33 V Villeneuve
58%
63 V Villeneuve
58%
47 V Villeneuve-sur-Lot
58%
92 V Villeneuve-la-Garenne
50%
06 V Villeneuve-Loubet
42%
94 V Villeneuve-Saint-Georges
35%
94 V Villeneuve-le-Roi
31%
30 V Villeneuve-lès-Avignon
23%
34 V Villeneuve-lès-Maguelone
19%
31 V Villeneuve-Tolosane
19%
23 L La Villeneuve
15%
77 V Villeneuve-Saint-Denis
15%
40 V Villeneuve-de-Marsan
12%
66 A Angoustrine-Villeneuve-des-Escaldes
8%
66 V Villeneuve-de-la-Raho
8%
34 V Villeneuve-lès-Béziers
8%
03 V Villeneuve-sur-Allier
8%
78 L La Villeneuve-en-Chevrie
4%
07 V Villeneuve-de-Berg
4%
44 V Villeneuve-en-Retz
4%
89 V Villeneuve-la-Guyard
4%
77 V Villeneuve-le-Comte
4%
31 V Villeneuve-lès-Bouloc
4%
02 V Villeneuve-Saint-Germain
4%
91 V Villeneuve-sur-Auvers
4%
18 V Villeneuve-sur-Cher
4%
89 V Villeneuve-sur-Yonne
4%
71 C Clux-Villeneuve
0%
10 L La Villeneuve-au-Châtelot
0%
10 L La Villeneuve-au-Chêne
0%
70 L La Villeneuve-Bellenoye-et-la-Maize
0%
51 L La Villeneuve-lès-Charleville
0%
21 L La Villeneuve-les-Convers
0%
60 L La Villeneuve-sous-Thury
0%
21 M Montigny-Mornay-Villeneuve-sur-Vingeanne
0%
63 P Pessat-Villeneuve
0%
40 S Saint-Cricq-Villeneuve
0%
47 S Sainte-Colombe-de-Villeneuve
0%
43 S Sainte-Eugénie-de-Villeneuve
0%
10 V Villeneuve-au-Chemin
0%
43 V Villeneuve-d'Allier
0%
25 V Villeneuve-d'Amont
0%
39 V Villeneuve-d'Aval
0%
47 V Villeneuve-de-Duras
0%
38 V Villeneuve-de-Marc
0%
06 V Villeneuve-d'Entraunes
0%
31 V Villeneuve-de-Rivière
0%
09 V Villeneuve-d'Olmes
0%
09 V Villeneuve-du-Latou
0%
09 V Villeneuve-du-Paréage
0%
71 V Villeneuve-en-Montagne
0%
72 V Villeneuve-en-Perseigne
0%
41 V Villeneuve-Frouville
0%
11 V Villeneuve-la-Comptal
0%
17 V Villeneuve-la-Comtesse
0%
89 V Villeneuve-la-Dondagre
0%
51 V Villeneuve-la-Lionne
0%
89 V Villeneuve-l'Archevêque
0%
66 V Villeneuve-la-Rivière
0%
31 V Villeneuve-Lécussan
0%
77 V Villeneuve-les-Bordes
0%
63 V Villeneuve-les-Cerfs
0%
39 V Villeneuve-lès-Charnod
0%
11 V Villeneuve-les-Corbières
0%
89 V Villeneuve-les-Genêts
0%
81 V Villeneuve-lès-Lavaur
0%
11 V Villeneuve-lès-Montréal
0%
60 V Villeneuve-les-Sablons
0%
11 V Villeneuve-Minervois
0%
51 V Villeneuve-Renneville-Chevigny
0%
89 V Villeneuve-Saint-Salves
0%
51 V Villeneuve-Saint-Vistre-et-Villevotte
0%
21 V Villeneuve-sous-Charigny
0%
77 V Villeneuve-sous-Dammartin
0%
39 V Villeneuve-sous-Pymont
0%
77 V Villeneuve-sur-Bellot
0%
45 V Villeneuve-sur-Conie
0%
02 V Villeneuve-sur-Fère
0%
60 V Villeneuve-sur-Verberie
0%
81 V Villeneuve-sur-Vère
0%
Aucun quiz correspondant
Distribution des résultats
% des personnes avec chaque résultat
Percentile par nombre de réponses
Votre historique - résultats
Vous n’avez pas pris ce quiz